| 000 | 006680000a22001810004500 | ||
|---|---|---|---|
| 008 | 081031t xxu||||| |||| 00| 0 eng d | ||
| 010 | _aENG-84715 | ||
| 020 |
_a8126023465 _c170.00 (hb) |
||
| 035 | _aEN-68248 | ||
| 082 | _aN / TRI | ||
| 100 | _aTripathi, Govardhanram | ||
| 245 |
_aSaraswatichandra (abridged): _ba Gujarati classic / _cby Govardhanram Tripathi; translated by Vinod Meghani |
||
| 260 |
_aNew Delhi _bSahitya Akademi _c2006 |
||
| 300 |
_av,272p _c23cm |
||
| 700 |
_aMeghani, Vinod _ctr |
||
| 942 |
_2ddc _cEN _hN _mTRI |
||
| 999 |
_c18018 _d18018 |
||